BIBLIOTECA

Normal view MARC view
  • REFORMA DE LA EDUCACION

Entry Término temático

Number of records used in: 2

001 - NÚMERO DE CONTROL

  • campo de control: 14422

003 - IDENTIFICADOR DEL NÚMERO DE CONTROL

  • campo de control: AR-SiUPM

005 - FECHA Y HORA DE LA ÚLTIMA TRANSACCIÓN

  • campo de control: 20251222101037.0

008 - DATOS DE LONGITUD FIJA

  • campo de control de longitud fija: 251222|| aca||aabn | a|a d

040 ## - FUENTE DE LA CATALOGACIÓN

  • Centro catalogador/agencia de origen: AR-SiUPM
  • Centro/agencia transcriptor: AR-SiUPM

150 ## - ENCABEZAMIENTO--TÉRMINO DE MATERIA

  • Término de materia o nombre geográfico como elemento de entrada: REFORMA DE LA EDUCACION

670 ## - FUENTE DE DATOS ENCONTRADOS

  • Cita de la fuente: Work cat.: (AR-SiUPM): Foro Latinoamericano de Educación $n Buenos Aires : 2015 : 10° 14420, X Foro Latinoamericano de Educación :, 2015